书目信息 |
| 题名: |
冷战后海湾地区国际关系
|
|
| 作者: | 刘月琴 著 | |
| 分册: | ||
| 出版信息: | 北京 社会科学文献出版社 2002 |
|
| 页数: | 475页 | |
| 开本: | 21cm | |
| 丛书名: | 国际政治论坛 | |
| 单 册: | ||
| 中图分类: | D815.4 | |
| 科图分类: | ||
| 主题词: | 国际关系--研究--中东--现代 , 中东问题--研究 , CT--S028916--国际关系 , CT--S096159--中东问题 | |
| 电子资源: | ||
| ISBN: | 7-80149-676-0 | |
| 000 | 01126nam0 2200313 45 | |
| 001 | 0120020445 | |
| 005 | 20031219104122.1 | |
| 010 | @a7-80149-676-0@dCNY32.00 | |
| 100 | @a20020528d2002 em y0chiy0110 ea | |
| 101 | 0 | @achi |
| 102 | @aCN@b110000 | |
| 105 | @ab z 000yy | |
| 106 | @ar | |
| 200 | 1 | @a冷战后海湾地区国际关系@9leng zhan hou hai wan di qu guo ji guan xi@f刘月琴著 |
| 210 | @a北京@c社会科学文献出版社@d2002 | |
| 215 | @a475页@c地图@d21cm | |
| 225 | 2 | @a国际政治论坛 |
| 300 | @a中国社会科学院出版基金资助 | |
| 314 | @a刘月琴(女,1935~),生于河北省,中国社会科学院西亚非洲研究所研究员,著有《走向中东》、《现代海湾国家政治体制研究》等。 | |
| 330 | @a本书介绍了海湾地区国际关系理论及其应用,海湾国家国际关系决策及基本特征,海湾国际关系的调整与重新组合,海湾地区国际关系的转变等内容。 | |
| 461 | 0 | @12001 @a国际政治论坛 |
| 606 | 0 | @a国际关系@x研究@y中东@z现代 |
| 606 | 0 | @a中东问题@x研究 |
| 606 | 0 | @2CT@3S028916@a国际关系 |
| 606 | 0 | @2CT@3S096159@a中东问题 |
| 690 | @aD815.4@v4 | |
| 701 | 0 | @a刘月琴@9liu yue qin@4著 |
| 801 | @aCN@bTSTC@c20031127 | |
| 905 | @b328962-966@dD815.4@e47@f5 | |
| 冷战后海湾地区国际关系/刘月琴著 .-北京:社会科学文献出版社,2002 |
| 475页:地图;21cm.-(国际政治论坛) |
| 中国社会科学院出版基金资助 |
| ISBN 7-80149-676-0:CNY32.00 |
| 本书介绍了海湾地区国际关系理论及其应用,海湾国家国际关系决策及基本特征,海湾国际关系的调整与重新组合,海湾地区国际关系的转变等内容。 |
| ● |
| 相关链接 |
|
|
|
|
正题名:冷战后海湾地区国际关系
索取号:D815.4/47
 
预约/预借
| 序号 | 登录号 | 条形码 | 馆藏地/架位号 | 状态 | 备注 |
| 1 | 0328962 | 203289627 | 第一借阅区/ [索取号:D815.4/47] | 在馆 | |
| 2 | 0328963 | 203289636 | 第一借阅区/ [索取号:D815.4/47] | 在馆 | |
| 3 | 0328964 | 203289645 | 第一借阅区/ [索取号:D815.4/47] | 在馆 | |
| 4 | 0328965 | 203289654 | 第一借阅区/ [索取号:D815.4/47] | 在馆 | |
| 5 | 0328966 | 203289663 | 第一样本阅览室/ [索取号:D815.4/47] | 在馆 |